000
00223nam a22000857a 4500
008
170622b xxu||||| |||| 00| 0 eng d
100
_9
3639
_a
Das. A
245
_a
Home science class XI
260
_a
New Delhi
_b
Arya publication
_c
2008
999
_c
7033
_d
7033